| 000 | 00677nam a22002057a 4500 | ||
|---|---|---|---|
| 999 |
_c10368 _d10368 |
||
| 003 | AR-CdUCM | ||
| 008 | 190401b ||||| |||| 00| 0 spa d | ||
| 040 |
_aMUNICIPALIDAD PROVINCIAL DEL CUSCO _cBIBLIOTECA MUNICIPAL DEL CUSCO |
||
| 082 |
_aES / 375.492 / _bB39t |
||
| 100 |
_aBerdiales, German _917367 |
||
| 245 |
_aTeatro cómico para los niños : _bComedias, Diálogos, Monólogos / |
||
| 260 |
_aBuenos Aires : _bEditorial Kapelusz, _c1936. |
||
| 300 |
_a171 páginas ; _c19 cm. |
||
| 505 | _aContenido: Teatro infantil. | ||
| 650 |
_aTeatro infantil _912316 |
||
| 650 |
_aLiteratura escolar _926679 |
||
| 650 |
_aArgentina _9511 |
||
| 942 |
_2ddc _cLIBROS |
||
| 945 | _adavv | ||